[Event "92nd St. Petersburg-ch Men 2019"]
[Site "Sankt Petersburg"]
[Date "2019.04.03"]
[Round "3.2"]
[White "Levin, Evgeny A."]
[Black "Saveliev, Alexei"]
[Result "1-0"]
[WhiteElo "2514"]
[BlackElo "2372"]
[Annotator "TA"]
[PlyCount "55"]
[EventDate "2019.04.01"]
[EventType "tourn"]
[EventCountry "RUS"]
[SourceTitle "playchess.com"]
[Source "ChessBase"]
[SourceQuality "1"]

{[%evp 14,55,18,12,25,21,21,21,18,22,24,23,16,22,26,22,24,21,20,14,27,5,37,18,38,17,23,17,68,22,29,35,35,35,37,28,29,29,41,31,547,529,1218,1211]} 1. d4 Nf6 2. c4 e6 3. Nf3 b6 4. g3 Bb7 5. Bg2 Be7 6. O-O O-O 7. Re1 Na6 8. Nc3 Ne4 {E18: Queen's Indian: Old Main Line (4 g3 Bb7 5 Bg2 Be7 6 0-0 0-0 7 Nc3)} 9. Nxe4 Bxe4 10. Ne5 Bxg2 {The position is equal.} 11. Kxg2 d6 12. Nc6 Qd7 13. Nxe7+ Qxe7 {[#]} 14. Qa4 $146 ({Predecessor:} 14. e4 c6 15. Bd2 b5 16. cxb5 cxb5 {1-0 (90) Hansen,C (2619)-De Firmian,N (2545) Malmo 2001}) 14... Nb8 15. e4 Qe8 16. Qc2 Nd7 17. b3 Qe7 18. Bb2 Rad8 19. Rad1 e5 20. Re2 Nb8 ({Better is} 20... exd4 $11 21. Bxd4 Nc5) 21. f4 {[%cal Rd4e5]} f6 22. d5 exf4 23. gxf4 Nd7 24. Kh1 Rde8 25. Rg1 Kh8 26. Re3 Rg8 $2 {[%mdl 8192] [#]} (26... Rf7 $14) 27. e5 $1 $18 {[%mdl 512] White wants to mate with Qxh7+!} h6 {[%cal Rf6e5] [#]} (27... dxe5 28. Qxh7+) 28. exf6 $1 {[%mdl 512] Accuracy: White = 41%, Black = 38%.} 1-0

[Event "92nd St. Petersburg-ch Men 2019"]
[Site "Sankt Petersburg"]
[Date "2019.04.03"]
[Round "3.3"]
[White "Lesovoi, Evgenij"]
[Black "Schekachikhin, Maksim"]
[Result "1/2-1/2"]
[WhiteElo "2305"]
[BlackElo "2428"]
[Annotator "TA"]
[PlyCount "61"]
[EventDate "2019.04.01"]
[EventType "tourn"]
[EventCountry "RUS"]
[SourceTitle "playchess.com"]
[Source "ChessBase"]
[SourceQuality "1"]

{[%evp 19,61,-7,0,-2,3,-12,0,0,0,-15,0,-1,-10,-17,0,0,0,0,2,13,17,10,0,0,72,79,91,83,75,92,84,87,131,125,137,109,112,76,77,0,100,0,64,0]} 1. d4 d5 2. c4 e6 3. Nf3 Nf6 4. e3 Nbd7 5. Nbd2 Be7 6. Bd3 O-O 7. O-O b6 8. b3 Bb7 9. Bb2 c5 10. cxd5 Nxd5 11. Qe2 {E14: Queen's Indian: Classical Variation (4 e3)} Rc8 12. Rfc1 $146 ({Predecessor:} 12. Rfd1 cxd4 13. Nxd4 Qc7 14. Nc4 a6 15. Rac1 b5 16. Nd2 Qb8 17. Ne4 Rxc1 18. Rxc1 Rc8 {½-½ (41) Kramnik,V (2777)-Leko,P (2737) Dortmund 2014}) 12... Rc7 13. a3 {The position is equal.} Qa8 14. dxc5 Nxc5 15. Bc4 Bf6 16. Bd4 {Threatening Bxd5.} Bxd4 17. Nxd4 Nf6 18. Nb5 Rd7 19. b4 $36 {[%mdl 2048] White is more active.} Rfd8 20. Nf3 Nce4 21. Nbd4 Rc7 {[#]} (21... Qb8 $11 {remains equal.}) 22. Nxe6 $1 $16 {[%mdl 512]} Rxc4 (22... fxe6 23. Bxe6+) 23. Qxc4 fxe6 24. Qxe6+ Kh8 25. Rc7 Nd6 {[%cal Be4d6,Bd6f5,Bf5h4][%mdl 32]} 26. Ng5 Bd5 ({Not} 26... Bxg2 $2 27. Qe7 $18) 27. Qe7 {[%csl Gc7][%cal Re7g7] [#]} Nf5 28. Qe5 Nh4 29. Qe7 {[%csl Gc7][%cal Re7g7]} Nf5 30. Qe5 Nh4 $1 31. Qe7 {Accuracy: White = 66%, Black = 54%.} (31. Rac1 $14) 1/2-1/2

[Event "92nd St. Petersburg-ch Men 2019"]
[Site "Sankt Petersburg"]
[Date "2019.04.03"]
[Round "3.4"]
[White "Shubin, Kirill"]
[Black "Askerov, Marat"]
[Result "1/2-1/2"]
[WhiteElo "2391"]
[BlackElo "2318"]
[Annotator "TA"]
[PlyCount "96"]
[EventDate "2019.04.01"]
[EventType "tourn"]
[EventCountry "RUS"]
[SourceTitle "playchess.com"]
[Source "ChessBase"]
[SourceQuality "1"]

{[%evp 23,96,26,27,6,33,33,20,19,31,0,13,5,29,35,27,39,33,41,48,19,63,49,64,67,89,108,92,87,93,96,153,145,144,141,250,231,250,247,237,209,216,0,0,0,0,0,0,-27,-16,-18,10,9,10,0,9,0,105,82,191,0,11,10,68,0,8,8,8,8,71,87,100,4,6,8,633]} 1. e4 c6 2. d4 d5 3. exd5 cxd5 4. Bd3 Nc6 5. c3 Nf6 6. Bf4 Bg4 7. Qb3 Qc8 8. Nd2 e6 9. Ngf3 Be7 10. O-O Bh5 11. Rae1 Bg6 12. Bxg6 hxg6 13. Ne5 {B13: Caro-Kann: Exchange Variation and Panov-Botvinnik Attack} (13. g3 O-O 14. Ne5 Nxe5 15. dxe5 Nd7 16. h4 Nc5 17. Qc2 Qc6 18. Re3 Qa6 19. Qb1 Rac8 20. Kg2 b5 {0-1 (50) Duda,J (2738)-Van Foreest,J (2612) Wijk aan Zee 2019}) 13... O-O 14. Ndf3 Nxe5 15. Nxe5 Nd7 $146 ({Predecessor:} 15... Ne4 16. f3 Nd6 {½-½ (41) Coimbra,M (2082)-Rajadharshini,M (2045) Goa 2002}) 16. Nf3 Qc6 17. h4 Bd6 18. Bxd6 Qxd6 19. g3 Rab8 20. Kg2 b5 21. Rh1 Nf6 22. a3 {[%cal Ba2a3,Ba3a4][%mdl 32]} a5 23. Ne5 b4 24. cxb4 axb4 25. a4 Rfc8 26. g4 Nd7 (26... Qe7 $142) 27. h5 $1 $16 Nxe5 28. Rxe5 gxh5 (28... g5 $16 {was worth a try.}) 29. Rexh5 $18 {[%csl Gh1][%cal Rh5h8]} Kf8 30. Qe3 Ke7 31. Qg5+ Kd7 32. Qxg7 $2 (32. Rh7 $18) 32... Qf4 $11 {...Rg8 is the strong threat.} 33. Qg5 Qxd4 34. Rh7 Rf8 $1 35. Re1 Kd6 36. Qh4 Rbc8 37. Qg3+ Ke7 $1 38. g5 Rc4 39. Re3 {Black must now prevent g6.} Qg4 (39... Qxb2 $11 {remains equal.} 40. g6 Qf6) 40. Rf3 {Strongly threatening g6.} Ke8 {[#]} (40... Qxg3+ $16 {was necessary.} 41. Kxg3 Rc1) 41. Kh2 $2 (41. a5 $1 $18) 41... Qxg3+ 42. Kxg3 {[%mdl 4096] Endgame KRR-KRR} Rc2 ({Better is} 42... Rg8 $11) 43. Rf6 (43. Rb3 $14) 43... Ke7 44. Rf4 {Hoping for g6.} Rxb2 45. g6 Rg8 (45... Rb1 $1 $11 {keeps the balance.}) 46. Rfxf7+ $16 Kd6 {[#]} 47. g7 (47. Rfg7 $1 $16 {[%cal Rg7g8]} Rf8 48. Rd7+ Ke5 49. Rhf7) 47... Rb1 $1 $11 48. Kg2 Ke5 $2 {[%mdl 40960] Accuracy: White = 59%, Black = 41%. . An unexpected result.} (48... b3 $11) 1/2-1/2

[Event "92nd St. Petersburg-ch Men 2019"]
[Site "Sankt Petersburg"]
[Date "2019.04.04"]
[Round "4.1"]
[White "Lobanov, Sergei"]
[Black "Golikov, Daniil"]
[Result "1-0"]
[WhiteElo "2528"]
[BlackElo "2298"]
[Annotator "TA"]
[PlyCount "71"]
[EventDate "2019.04.01"]
[EventType "tourn"]
[EventCountry "RUS"]
[SourceTitle "playchess.com"]
[Source "ChessBase"]
[SourceQuality "1"]

{[%evp 17,71,17,25,12,14,27,60,46,142,133,152,149,151,145,135,147,132,130,149,147,161,150,156,156,175,168,154,135,180,178,239,243,239,225,227,232,315,317,360,361,421,427,425,408,505,504,502,500,485,481,470,441,1067,1032,1245,1231]} 1. e4 e6 2. d4 d5 3. Nc3 Nf6 4. Bg5 Be7 5. e5 Nfd7 6. h4 Bxg5 7. hxg5 Qxg5 8. Nh3 Qe7 9. Qg4 g6 10. O-O-O {C14: French: Classical System: 4 Bg5 Be7 main line} Nc6 11. Ng5 h5 12. Qf4 {White is slightly better.} Nf8 {[#]} ({Black should try} 12... a6 $14) 13. g4 $1 $16 Nh7 14. Nxh7 Rxh7 15. Bg2 Bd7 {[#]} 16. Bxd5 $1 {[%mdl 512]} O-O-O (16... exd5 17. Nxd5) 17. Bf3 {[#]} h4 $146 ({Predecessor:} 17... Be8) 18. Ne4 Nb4 19. Nf6 Rhh8 20. a3 $36 {[%mdl 2048] White is on the roll.} Nd5 21. Bxd5 ({Much less strong is} 21. Nxd5 $6 exd5 22. Bxd5 Kb8 $14) 21... exd5 22. Rh3 ({Resist} 22. Nxd5 $6 Qe6 $14) 22... Qf8 23. Rdh1 Qh6 (23... Be6 {is a better defense.} 24. Kb1 (24. Rxh4 Rxh4 25. Rxh4 c5 $18) 24... Qh6 25. Qxh6 Rxh6 26. Rxh4 Rxh4 27. Rxh4 c6) 24. Qxh6 $18 Rxh6 25. Rxh4 Rxh4 26. Rxh4 {[%mdl 4096] Endgame KRB-KRN} Be6 27. Kd2 Rf8 28. Ke3 Kd8 29. Kf4 Ke7 30. Kg5 c6 31. f4 {White is clearly winning.} Bc8 32. f5 gxf5 33. gxf5 Kd8 34. Rh7 b6 (34... Ke7 $142 35. e6 Bxe6 36. fxe6 Kxe6) 35. Rg7 a5 36. Nh7 {Accuracy: White = 84%, Black = 33%.} 1-0

[Event "92nd St. Petersburg-ch Men 2019"]
[Site "Sankt Petersburg"]
[Date "2019.04.04"]
[Round "4.2"]
[White "Smirnov, Artem"]
[Black "Duzhakov, Ilya"]
[Result "1/2-1/2"]
[WhiteElo "2413"]
[BlackElo "2397"]
[Annotator "TA"]
[PlyCount "91"]
[EventDate "2019.04.01"]
[EventType "tourn"]
[EventCountry "RUS"]
[SourceTitle "playchess.com"]
[Source "ChessBase"]
[SourceQuality "1"]

{[%evp 23,91,15,16,12,28,14,21,15,5,-7,-8,-10,4,10,52,48,54,47,46,0,0,0,0,0,0,-9,0,-5,0,0,42,5,47,48,98,18,33,29,56,64,58,46,95,95,103,89,90,0,115,0,85,70,70,70,70,56,56,56,56,56,76,26,53,-68,-70,-58,-59,-68,-55,-58]} 1. e4 e6 2. d4 d5 3. e5 c5 4. c3 Qb6 5. Nf3 Nc6 6. a3 Nh6 7. Bd3 cxd4 8. cxd4 Bd7 9. Bc2 Nf5 10. Bxf5 exf5 11. Nc3 Be6 12. O-O Be7 13. Na4 {C02: French: Advance Variation} Qd8 14. b4 Rc8 (14... b6 15. Be3 Rc8 16. Nb2 g5 17. Nd3 f4 18. Bc1 Qd7 19. Bb2 Nd8 20. Re1 Bf5 {½-½ (57) Hracek,Z (2607)-Fridman,D (2596) Germany 2016}) 15. Nc5 {[%cal Ba4c5,Bc5b3,Bb3c1,Bc1e2][%mdl 32] The position is equal.} b6 16. Nb3 O-O 17. Be3 $146 ({Predecessor:} 17. Bb2 g5 18. Qd3 Qd7 19. Rac1 f4 {0-1 (45) Radtke,E (1993)-Dittgen,T (1893) Schiffweiler 2009}) 17... a5 18. b5 Na7 19. a4 h6 20. Nc1 g5 21. Ne2 f4 22. Bc1 Bf5 23. Ne1 Rc4 24. f3 f6 25. Nd3 Qe8 26. Bb2 Bd8 27. Ba3 Rf7 28. Re1 Rd7 29. Qb3 (29. Nexf4 $16 gxf4 30. e6) 29... Qf7 $11 30. Rad1 Be6 31. Nb2 Rc8 32. Bd6 f5 33. Rc1 Bc7 34. Ba3 Bd8 35. Bd6 Bc7 $1 36. Ba3 Bd8 $1 37. Rxc8 Nxc8 38. Rc1 Rc7 39. Rxc7 Qxc7 40. Nd3 Kf7 41. Kf2 Be7 42. Bb2 Bf8 43. Qc3 (43. Qd1 $14) 43... Qc4 $15 {Black is slightly better.} 44. Qxc4 dxc4 45. Ndc1 Bb4 46. Na2 {Accuracy: White = 57%, Black = 48%.} 1/2-1/2

[Event "92nd St. Petersburg-ch Men 2019"]
[Site "Sankt Petersburg"]
[Date "2019.04.04"]
[Round "4.3"]
[White "Askerov, Marat"]
[Black "Vlasenko, Miroslav"]
[Result "0-1"]
[WhiteElo "2318"]
[BlackElo "2410"]
[Annotator "TA"]
[PlyCount "96"]
[EventDate "2019.04.01"]
[EventType "tourn"]
[EventCountry "RUS"]
[SourceTitle "playchess.com"]
[Source "ChessBase"]
[SourceQuality "1"]

{[%evp 14,96,45,34,39,39,28,37,26,14,24,23,12,19,8,15,5,-6,6,-11,-14,-25,0,-110,-93,-169,-71,-100,-68,-158,-173,-190,-173,-310,-320,-322,-329,-287,-130,-194,49,1,0,15,0,0,0,-17,-12,-26,-28,-39,-18,-69,-72,-74,-85,-187,-21,-389,-380,-375,-374,-567,-562,-550,-566,-564,-568,-562,-563,-514,-562,-539,-521,-464,-450,-599,-561,-29966,-29968,-5585,-6111,-6323,-6315]} 1. d4 f5 2. g3 Nf6 3. Bg2 g6 4. c4 Bg7 5. Nc3 O-O 6. Nf3 d6 7. O-O Qe8 8. Nd5 Nxd5 {A87: Dutch Defence: Leningrad System: 5 Nf3} 9. cxd5 Nd7 10. Ng5 {Hoping for Ne6.} Nb6 {White is slightly better.} 11. a4 {Strongly threatening a5.} c6 12. dxc6 bxc6 13. d5 c5 14. Qc2 Rb8 15. h4 Na8 $146 ({Predecessor:} 15... Bd7 16. a5 {0-1 (33) Kovacs,I (1826)-Krizsany,L (2435) Hungary 2009}) 16. Ne6 Bxe6 $1 17. dxe6 Nc7 18. e4 (18. Rb1 $1 $11 {keeps the balance.}) 18... f4 $17 19. Bh3 (19. Bxf4 $17 Nxe6 20. Qc4) 19... Be5 (19... fxg3 $19 {is more deadly.} 20. fxg3 Rxf1+ 21. Bxf1 Nxe6) 20. Ra3 Rb4 21. Rf3 (21. gxf4 $15 Bxf4 22. h5) 21... Qxa4 22. b3 Qc6 {aiming for ...Nb5.} 23. Re1 (23. gxf4 {is a better defense.} Nb5 24. Be3) 23... Nb5 $19 24. gxf4 Nd4 {[%mdl 64] Double Attack} 25. Qd1 d5 (25... Nxf3+ $19 26. Qxf3 Qb7) 26. Rg3 (26. Rc3 $17 {was worth a try.} Ne2+ 27. Rxe2 Bxc3 28. exd5) 26... Bg7 $2 (26... Bxf4 $19 27. Bxf4 Rxf4 {[%mdl 64] Double Attack}) 27. exd5 Qxd5 {[%cal Rb4b3]} 28. Bg2 $1 {[%cal Rg2d5]} Qd8 29. h5 Nf5 $36 {[%mdl 2048] Black has some pressure.} 30. Rd3 Rd4 31. Rxd4 Bxd4 32. hxg6 hxg6 33. Qg4 (33. Be4 $11) 33... Kg7 $15 34. Be4 Qa5 35. Rd1 {[#]} (35. Rf1 $17) 35... Qc3 $2 (35... Qa2 $1 $19 {[%cal Ra2f2]} 36. Bd2 Qxb3) 36. Bd5 $2 {[%mdl 8192] [#]} (36. Qg5 $11 {and White stays safe.} Qxb3 {[%mdl 64] Double Attack} 37. Re1 Qxe6 38. Bd2) 36... Qc2 $1 $19 {[%cal Rc2f2]} 37. Bd2 Rd8 38. Bf3 {[#]} (38. Bc4 {was necessary.}) 38... Bxf2+ $1 {[%mdl 512]} 39. Kxf2 {With the idea Ke1.} Rxd2+ 40. Rxd2 Qxd2+ 41. Kg1 Qe1+ 42. Kh2 Ne3 43. Qh3 Qf2+ 44. Kh1 a5 45. f5 Nxf5 {( -> ...Ng3+)} 46. Bg2 Ng3+ 47. Kh2 Ne2 {[%csl Ge2][%cal Rf2g1]} 48. Qg4 Nf4 {Accuracy: White = 28%, Black = 60%.} 0-1

[Event "92nd St. Petersburg-ch Men 2019"]
[Site "Sankt Petersburg"]
[Date "2019.04.04"]
[Round "4.4"]
[White "Schekachikhin, Maksim"]
[Black "Shubin, Kirill"]
[Result "0-1"]
[WhiteElo "2428"]
[BlackElo "2391"]
[Annotator "TA"]
[PlyCount "150"]
[EventDate "2019.04.01"]
[EventType "tourn"]
[EventCountry "RUS"]
[SourceTitle "playchess.com"]
[Source "ChessBase"]
[SourceQuality "1"]

{[%evp 11,150,9,14,18,6,16,34,30,35,31,33,18,29,18,35,8,28,20,35,27,52,48,48,18,28,28,28,25,36,36,33,34,25,11,8,5,27,32,94,48,41,47,128,16,16,18,25,-72,-50,-112,-87,-103,-95,-80,-110,-97,-85,-97,-102,-101,-55,-131,-112,-108,-96,-90,-100,-217,-35,-43,-31,-105,-105,-100,-101,-104,-122,-204,-204,-204,-203,-203,-175,-150,-172,-180,-25,-95,-23,-38,-35,-24,-31,-30,-24,-74,-74,-164,-175,-175,-172,-172,-167,-145,-189,-397,-368,-478,-495,-485,-457,-450,-393,-1233,-1185,-1194,-1185,-1185,-608,-958,-1150,-570,-875,-29963,-29965,-29965,-29966,-29966,-29967,-29968,-29968,-29966,-29967,-29971,-29972,-29966,-29964,-29973,-29974,-6091,-5808]} 1. d4 e6 2. c4 Nf6 3. Nc3 Bb4 4. Qc2 d6 5. Nf3 Nbd7 6. Bd2 O-O 7. a3 {E32: Nimzo-Indian: Classical (4 Qc2): 4...0-0} (7. g3 b6 8. Bg2 Bb7 9. O-O a5 10. Rfd1 Bxc3 11. Bxc3 Be4 12. Qc1 h6 13. Qf4 Re8 14. g4 Qe7 15. h4 e5 16. Qg3 Rad8 17. e3 Bc2 {1-0 (50) Indjic,A (2620)-Peralta,F (2584) Sitges 2018}) 7... Bxc3 $1 8. Bxc3 Re8 9. e3 {White is slightly better.} b6 10. Be2 Bb7 11. O-O Ne4 12. Be1 $146 ({Predecessor:} 12. Nd2 Nxc3 13. Qxc3 e5 14. d5 a5 15. e4 Nf8 16. Qg3 a4 {0-1 (16) Fleming,D-Olsen,M (2133) ICCF email 2001}) 12... a5 13. b3 f5 14. Rd1 Ndf6 15. Nd2 Nxd2 16. Bxd2 Qe7 17. Bc3 d5 18. Bb2 a4 19. b4 dxc4 20. Bxc4 Bd5 21. Rc1 c6 22. f3 Bxc4 23. Qxc4 Nd5 24. Rfe1 Qg5 (24... Rac8 $14) 25. f4 Qg4 26. Qxc6 h5 (26... g5 $14) 27. Qc2 ({Better is} 27. Bc3 $1 $16) 27... Rec8 $11 28. Qf2 ({Resist} 28. Qxc8+ Rxc8 29. Rxc8+ Kf7 $16) 28... h4 29. Qf3 (29. h3 $11 {remains equal.} Qg3 30. Qxg3 hxg3 31. Kf1) 29... Rxc1 $17 30. Bxc1 (30. Rxc1 $15 Qxf3 31. gxf3) 30... Qxf3 31. gxf3 {[%mdl 4096] Endgame KRB-KRN} Rc8 32. e4 Nf6 $1 33. d5 exd5 34. e5 Nh5 $1 35. Be3 Kf7 {Threatens to win with ...Rc3.} 36. e6+ (36. Rc1 $1 $15 Rxc1+ 37. Bxc1) 36... Kxe6 37. Bxb6+ Kf7 38. Re5 g6 39. Be3 (39. Kf2 $17) 39... d4 $2 ({Black should play} 39... Rc3 $19 40. Kf2 Rxa3 41. Rxd5 Ra2+ 42. Rd2 Rxd2+ 43. Bxd2 a3) 40. Bxd4 $15 Nxf4 41. Be3 (41. Rc5 $15 Rxc5 42. Bxc5) 41... Ne6 $17 42. b5 Rc3 {...Kf6 is the strong threat.} 43. b6 Rb3 $1 44. f4 (44. Kf2 $17 {was worth a try.}) 44... Kf6 $19 ({And not} 44... Rxa3 45. Rb5 $11) 45. Bd2 {aiming for Bb4.} Rxb6 46. Ra5 Rb1+ 47. Kf2 Rb3 $1 48. Bc1 h3 $2 (48... Kg7 $1 $19 49. Rxa4 Nc5 50. Ra7+ Kh6) 49. Ra6 (49. Rxa4 $11 Nc5 50. Rc4 Nd3+ 51. Ke2) 49... Kf7 (49... Rb1 $1 $17 {[%cal Rb1c1]} 50. Bd2 Rb2) 50. Ra7+ $11 Ke8 {And now ...Rc3 would win.} 51. Ra8+ Kd7 {White must now prevent ...Rc3.} 52. Rxa4 Nc5 53. Ra7+ Ke6 {Hoping for ...Nd3+.} 54. Be3 (54. Ke2 $17 {was necessary.}) 54... Ne4+ $19 55. Kf3 {[#]} Nf6 $1 {[%cal Rf6g4]} 56. Ra6+ Kf7 57. Ra7+ Ke8 58. Ke2 $2 (58. Ra8+ {was the only defense.} Kd7 59. Ra7+ Kd8 60. Ra8+ Kc7 61. Ra7+ Kd8 62. Ra8+ Kd7 63. Ra7+ Ke8 64. Ra8+ Kd7) 58... Ng4 59. Bc5 Nxh2 60. Re7+ Kd8 61. Re3 {[#]} Rb2+ $1 ({Less strong is} 61... Rxe3+ 62. Kxe3 Ng4+ 63. Kf3 $17) 62. Ke1 $2 {[#]} (62. Kd3 Ng4 63. Re1) 62... Nf3+ $1 {[%mdl 512]} 63. Rxf3 {KRB-KR} h2 64. Rh3 Rb1+ 65. Kf2 h1=Q {( -> ...Rb2+)} 66. Rxh1 Rxh1 {KR-KB} 67. Kg3 Kd7 68. Kg2 Rc1 69. Bb4 Ke6 70. Kg3 Kd5 71. Kf3 Kd4 72. Bd6 Rc3+ 73. Kf2 Ke4 74. a4 Rc6 75. Bb8 Ra6 {Accuracy: White = 41%, Black = 59%.} 0-1

[Event "92nd St. Petersburg-ch Men 2019"]
[Site "Sankt Petersburg"]
[Date "2019.04.05"]
[Round "5.1"]
[White "Levin, Evgeny A."]
[Black "Lobanov, Sergei"]
[Result "1/2-1/2"]
[WhiteElo "2514"]
[BlackElo "2528"]
[Annotator "TA"]
[PlyCount "83"]
[EventDate "2019.04.01"]
[EventType "tourn"]
[EventCountry "RUS"]
[SourceTitle "playchess.com"]
[Source "ChessBase"]
[SourceQuality "1"]

{[%evp 9,83,20,7,15,10,17,18,15,11,14,7,18,21,0,12,12,11,11,12,13,10,9,31,0,0,0,0,0,0,9,5,0,0,0,0,0,0,0,0,0,0,0,0,0,0,0,0,0,0,0,0,0,0,0,0,0,0,0,0,0,0,0,0,0,0,0,0,0,0,0,0,0,0,0,0,0]} 1. d4 Nf6 2. c4 e6 3. Nf3 b6 4. g3 Ba6 5. Qc2 c5 6. d5 {E15: Queen's Indian: 4 g3 sidelines, 4 g3 Ba6 and 4 g3 Bb7 early deviations} exd5 7. cxd5 Bb7 (7... d6 8. Nc3 b5 9. e4 Qa5 10. b4 cxb4 11. Nxb5 Kd8 12. Nfd4 Bxb5 13. Bxb5 b3+ {1-0 (28) Grischuk,A (2752)-Mamedyarov,S (2762) Germany 2016}) 8. Bg2 Nxd5 9. O-O {aiming for Ng5.} Be7 10. Rd1 Nc6 11. a3 (11. Rxd5 $2 Nb4 $19) 11... Nf6 12. Nc3 O-O 13. e4 Qb8 14. Nd5 d6 $146 ({Predecessor:} 14... Nxd5 15. exd5 {½-½ (26) Meins,G (2448)-Cordes,H (2267) Bad Wiessee 2013}) 15. b4 {[#] Strongly threatening b5.} cxb4 16. Bb2 Nxd5 {The position is equal.} 17. exd5 Ne5 18. Nxe5 dxe5 {[#]} 19. d6 $1 {[%cal Rd6e7][%mdl 512]} Bf6 (19... Bxd6 20. Bxb7) 20. Bxb7 Qxb7 21. axb4 a5 22. bxa5 bxa5 23. Qe2 Rfe8 24. d7 Red8 25. Bxe5 Bxe5 26. Qxe5 Rxd7 27. Rxd7 Qxd7 28. Rxa5 $11 {[%mdl 4096] Endgame KQR-KQR} Re8 29. Qd5 Qxd5 30. Rxd5 {KR-KR} g6 31. h4 h5 32. Kg2 Kg7 33. Rd6 Ra8 34. Rb6 Ra2 35. Kf3 Rc2 36. Ke3 Ra2 37. Rc6 Rb2 38. Kf3 Ra2 39. Rd6 Ra3+ 40. Ke2 Ra2+ 41. Kf3 Ra3+ 42. Ke4 {Accuracy: White = 60%, Black = 92%.} 1/2-1/2

[Event "92nd St. Petersburg-ch Men 2019"]
[Site "Sankt Petersburg"]
[Date "2019.04.05"]
[Round "5.2"]
[White "Lesovoi, Evgenij"]
[Black "Usmanov, Vasily"]
[Result "1-0"]
[WhiteElo "2305"]
[BlackElo "2450"]
[Annotator "TA"]
[PlyCount "81"]
[EventDate "2019.04.01"]
[EventType "tourn"]
[EventCountry "RUS"]
[SourceTitle "playchess.com"]
[Source "ChessBase"]
[SourceQuality "1"]

{[%evp 10,80,25,14,18,12,39,44,47,47,41,42,55,47,54,51,48,51,48,48,49,50,50,50,52,36,31,50,44,44,41,13,18,21,31,10,13,0,0,0,0,0,0,0,0,0,31,31,31,31,144,152,1136,1096,1102,1047,29957,29953,29965,1126,29979,4810,29985,12429,12829,12829,29959,29944,29998,5197,29985,29986,29999]} 1. d4 Nf6 2. c4 e6 3. Nf3 Bb4+ 4. Bd2 Qe7 5. g3 Bxd2+ 6. Qxd2 Nc6 {E11: Bogo-Indian} 7. e3 (7. a3 d5 8. Bg2 dxc4 9. Qc3 e5 10. dxe5 Ng4 11. O-O O-O 12. Qxc4 Ncxe5 13. Nxe5 Nxe5 14. Qb4 Qxb4 15. axb4 {1-0 (44) Fridman,D (2591)-Almasi,Z (2702) Batumi 2018}) 7... e5 8. dxe5 Nxe5 {White is slightly better.} 9. Nxe5 Qxe5 10. Bg2 O-O 11. Nc3 d6 12. Nd5 $146 ({Predecessor:} 12. Rd1 a6 13. O-O Rb8 14. Nd5 Nxd5 15. cxd5 {1-0 (36) Askerov,M (2281)-Cirovic,M (2112) Mamaia 2017}) 12... Nxd5 13. cxd5 c5 14. dxc6 bxc6 15. O-O Rb8 16. b3 c5 17. Qa5 Qe7 18. Rad1 Rb4 19. Rd2 h5 20. Rfd1 Bg4 21. Rc1 Rfb8 22. Qa6 R8b6 23. Qf1 a5 {[%cal Ba7a5,Ba5a4][%mdl 32]} 24. Rc4 Qe5 25. Bd5 a4 26. Rxb4 Rxb4 27. Qa6 h4 {...Qc3 is the strong threat.} 28. h3 Be6 29. Bxe6 Qxe6 (29... fxe6 $14 30. Qxd6 (30. Rxd6 hxg3 31. Rxe6 gxf2+ 32. Kxf2 Qf5+ 33. Ke2 Kf7 $11) 30... Qxd6 31. Rxd6 hxg3) 30. Rxd6 $16 Qxh3 $2 $14 {[%mdl 4096] Endgame KQR-KQR} (30... Qf5 $16) 31. Rd8+ $18 Kh7 32. Qd3+ f5 {[#]} 33. Qd5 $1 Kg6 34. Rd6+ (34. Qc6+ $142 Kh5 35. Rg8 Rg4 36. Qe8+ Rg6 37. Rxg7 Kg4 38. Qxg6+ Kf3 39. Qh5+ {[%mdl 64] Double Attack} Ke4 40. Re7+ Kd3 41. Qd1+ Kc3 42. Qc1+ Kd3 43. Qc4+ {[%mdl 64] Double Attack} Kd2 44. Rd7+ Ke1 45. Qc1+ Ke2 46. Qd1#) 34... Kg5 35. Qe5 (35. Qf7 $142 Kg4 36. e4 Kf3 37. Rd3+ Ke2 38. Re3+ Kd1 39. Qd5+ Rd4 40. Qxc5 Qh2+ 41. Kxh2) 35... Kg4 36. Qxc5 (36. e4 $142 Rxe4 37. Qxg7+ Kf3 38. Qc3+ {[%mdl 64] Double Attack} Kg4 39. f3+ Kxg3 40. fxe4+ Kg4 41. Rg6+ Kh5 42. Qxh3 Kxg6 43. Qxf5+ Kg7 44. bxa4) 36... Re4 37. Qd5 {Intending Qd1+ and mate.} hxg3 38. Rg6+ {[%mdl 64] [#] Double Attack} Kh4 39. Rxg3 (39. Qd8+ $142 Kh5 40. Qg5#) 39... Rg4 40. Qd8+ g5 41. Qh8# {Accuracy: White = 67%, Black = 38%.} 1-0